000 00285nam a2200133Ia 4500
100 _aBiegel/John E
942 _cBK
654 _acontrol
245 _aProduction Control
260 _bPrentice Hall of India
_aNewDelhi
_c1974
082 _a658.5
300 _a282
546 _aENGLISH
999 _c27329
_d27329